Normal view
MARC view
Entry Personal Name
001 - CONTROL NUMBER
- control field: 22017
003 - CONTROL NUMBER IDENTIFIER
- control field: dpl
005 - DATE AND TIME OF LATEST TRANSACTION
- control field: 20100927143837.0
008 - FIXED-LENGTH DATA ELEMENTS
- fixed length control field: 100927|||a|||||| | ||| d
040 ## - CATALOGING SOURCE
- Original cataloging agency: dpl
- Transcribing agency: dpl
100 ## - HEADING--PERSONAL NAME
- Personal name: Lester, Meera
670 ## - SOURCE DATA FOUND
- Source citation: Work cat.: (dpl)35562: Lester, Meera , 1001 ways to do good /, 2010
670 ## - SOURCE DATA FOUND
- Source citation: Work cat.: (dpl)35562: Lester, Meera , 1001 ways to do good /, 2010
